000 00430nam a2200181Ia 4500
001 14664
005 20260306164931.0
008 260306t2014||||xx |||||||||||||| ||spa||
041 _aESP
082 _a515.43
_bV47
100 _aVera Lazáro, Alejandro
_eAUT
245 0 _aCálculo integral con MATLAB
260 _c2014
300 _a269 páginas :
_c25 cm.
650 _aGEN
654 _aCMA
942 _cLIB
_dJUS
_fJUS
_2ddc
_n
999 _c14664
_d14664